000
00300nam a2200133Ia 4500
100
_a
Burnham/ T.H.
942
_c
BK
654
_a
Industrial Organization
245
_a
Elements of industrial organization
260
_b
Pitman
_a
London
_c
1970
082
_a
658.5
300
_a
342
546
_a
ENGLISH
999
_c
26547
_d
26547